000 00437 a2200169 4500
001 186546
020 _a85-262-3183-9
040 _cMagnum
100 _aCompany, Mercè
240 1 0 _aAs sobrinhas da bruxa Onilda (as trigêmeas) e o barba azul
_lpor
245 1 0 _aAs sobrinhas da bruxa Onilda (as trigêmeas) e o barba azul
300 _a31
362 0 _a1997
440 1 _aScipione
697 _aLITERATURA INFANTO
942 _cBK
999 _c186546
_d186546